000 00537nam a22001932 4500
001 0000008424
005 20151217152032.0
008 080411s xx 000 0 eng d
020 _a8129706792 :
_cKES 2600
040 _aKABU
_cKABU
100 1 _aGupta, S. C.
_@0000151285
245 1 0 _aThermodynamics /
_cS. C. Gupta.
260 _aNew Delhi :
_bPearson education,
_c2005.
300 _axiii,534 p.
650 0 _aThermodynamics.
_@0000153888
908 _a080411
950 _@1
999 _c7556
_d7556